K-Pop Groups - Sudden Death - Statistics

General Stats
  • This quiz has been taken 45,058 times
    38,391 since last reset
  • The average score is 9 of 20
Answers on the Grid
Answers color-coded by a green-red scale on the quiz's grid according to % correct below.
(G)I-dle
2NE1
A.K.A
a1b2
aespa
BLACKPINK
Boys Planet
BTS
Cupid
Day1
Dreamcatcher
ENHYPEN
EXO
FIFTY FIFTY
Girls’ Generation
IDYLL
Kep1er
LOONA
MS9
NewJeans
NUGU
Ordinary Heroes
P1Harmony
Purple Swan
Queencard
Red Velvet
SEVENTEEN
SHINee
Stray Kids
TWICE
TXT
UNDI
 
Answer Stats
Answer % Correct
BLACKPINK
80%
BTS
75%
(G)I-dle
57%
aespa
53%
2NE1
49%
EXO
45%
TWICE
45%
SEVENTEEN
44%
NewJeans
43%
Stray Kids
43%
ENHYPEN
42%
FIFTY FIFTY
41%
Girls’ Generation
38%
Red Velvet
37%
LOONA
36%
TXT
34%
Dreamcatcher
30%
Kep1er
30%
SHINee
30%
P1Harmony
27%
No matching quizzes found
Score Distribution
Percent of People with Each Score
Percentile by Number Answered
Your Score History
You have not taken this quiz since the last reset